000 00281nam a2200109Ia 4500
008 190914s9999||||xx |||||||||||||| ||und||
100 _aWeihua Zhuang
245 0 _aWireless Communications and Networking
260 _aNew York
_bTata McGraw Hill
_c2004
300 _a529
942 _cBK
999 _c9614
_d9614